Động vật giáp xác chân khác (Amphipoda-Gammaridea) đáy biển Việt Nam
Giới thiệu tình hình nghiên cứu giáp xác chân khác trên thế giới và ở Việt Nam. Trình bày đặc trưng thành phần loài giáp xác chân khác biển ven bờ Việt Nam và các đặc điểm hình thái để phân loại Amphipoda - Gammaridea...
Sparad:
| Huvudupphovsman: | |
|---|---|
| Materialtyp: | Bok |
| Språk: | Undetermined |
| Publicerad: |
Hà Nội
Khoa học Tự nhiên và Công nghệ
2013
|
| Ämnen: | |
| Taggar: |
Lägg till en tagg
Inga taggar, Lägg till första taggen!
|
| Thư viện lưu trữ: | Trung tâm Học liệu Trường Đại học Cần Thơ |
|---|
| LEADER | 01001nam a2200205Ia 4500 | ||
|---|---|---|---|
| 001 | CTU_190773 | ||
| 008 | 210402s9999 xx 000 0 und d | ||
| 082 | |a 595.3 | ||
| 082 | |b Th107 | ||
| 100 | |a Đặng, Ngọc Thanh | ||
| 245 | 0 | |a Động vật giáp xác chân khác (Amphipoda-Gammaridea) đáy biển Việt Nam | |
| 245 | 0 | |c Đặng Ngọc Thanh, Lê Hùng Anh | |
| 260 | |a Hà Nội | ||
| 260 | |b Khoa học Tự nhiên và Công nghệ | ||
| 260 | |c 2013 | ||
| 520 | |a Giới thiệu tình hình nghiên cứu giáp xác chân khác trên thế giới và ở Việt Nam. Trình bày đặc trưng thành phần loài giáp xác chân khác biển ven bờ Việt Nam và các đặc điểm hình thái để phân loại Amphipoda - Gammaridea | ||
| 650 | |a Crustacea,Giáp xác | ||
| 650 | |x Physiology,Sinh lý học | ||
| 910 | |a Hải | ||
| 980 | |a Trung tâm Học liệu Trường Đại học Cần Thơ | ||